[Event "Zhong Hong Real Estate Cup"]
[Site "Beijing"]
[Date "2001.07.21"]
[Round "2"]
[White "Zhang, Pengxiang"]
[Black "Liang, Jinrong"]
[Result "0-1"]
[WhiteElo "2487"]
[BlackElo "2510"]
[Annotator "Ribli,Z"]
[PlyCount "98"]
[EventDate "2001.07.20"]
[EventType "tourn"]
[EventRounds "11"]
[EventCountry "CHN"]
[EventCategory "10"]
[SourceTitle "CBM 085"]
[Source "ChessBase"]
[SourceDate "2001.11.13"]
[SourceVersion "1"]
[SourceVersionDate "2001.11.13"]
[SourceQuality "1"]

1. e4 c5 2. Nf3 Nc6 3. d4 cxd4 4. Nxd4 e6 5. Nc3 a6 6. Be3 Nf6 7. Bd3 Qc7 8.
O-O Ne5 {Das ist die eigentliche Hauptfortsetzung für Schwarz, aber die
Alternativen sind auch gut spielbar - 8...b5, 8...h5, 8...Nxd4, 8...Bd6.} 9. h3
Bc5 10. Kh1 {Das ist eine chancenreiche Fortsetzung für Weiss - im folgenden
er möchte er f2-f4 ziehen und das Damemanöver Qe1-Qh4 spielen. Dieser
Königszug wurde auch von Kasparov gern gespielt.} d6 11. f4 Ng6 12. Qe1 Bd7 $5
{Schwarz rochiert (noch) nicht, da im Falle der Rochade sein König angreifbar
wird. Der Läuferzug ist nützlich, da Schwarz 13...Qb6 ziehen möchte und nach
12...Bd7 kann Weiß nicht Na4 spielen.} (12... O-O 13. f5 Ne5 14. Qh4 Bd7 15.
Rf3 $5 (15. g4 Qb6 16. g5 Nh5 17. Qxh5 Bxd4 18. Bxd4 Qxd4 19. Rf4 (19. f6 Bc6
$1 20. fxg7 Kxg7 21. Qh6+ Kg8 22. Qf6 Qe3 23. Kh2 Nd7 24. Qh6 Ne5 25. Qf6 Nd7
26. Qh6 Ne5 27. Qf6 {1/2-1/2 Kasparov,G-Milos,G/simul 1996/(27)}) 19... Qe3 20.
Raf1 g6 21. Qh6 f6 22. fxg6 Nxg6 23. Rxf6 Rxf6 24. Rxf6 {0-1 Bakre,T-Horvath,J/
Calcutta IND 2000 (24)}) 15... Nxf3 16. gxf3 Ne8 (16... Kh8 17. Rg1 Qd8 $2 18.
e5 $1 dxe5 19. Rxg7 $3 $16 {1-0 Mitkov,N-Rublevsky,S/Neum 2000/CBM 80/[Ribli] 
(25)}) 17. Rg1 Bxd4 18. Bxd4 f6 19. e5 Bc6 20. fxe6 f5 21. e7 Rf7 22. e6 Rxe7
23. Bxf5 Bxf3+ 24. Kh2 d5+ 25. Rg3 h6 {0-1 Maletin,P-Popov,R/Novosibirsk 2001/
CBM 82 ext (43)}) 13. Rf3 {Dieser Turmzug ist das Schlüsselmotiv in der
Variante 12...0-0 13.f5 Ne5 14.Qh4 Bd7 15.Rf3, aber in unserer Partie weniger
glücklich.} (13. Nb3 Bxe3 14. Qxe3 $11 O-O 15. Rae1 e5 16. f5 Ne7 17. g4 Bc6
18. Kh2 Rae8 19. g5 Nh5 20. Qf3 Nf4 {0-1 Groszpeter,A-Sadler,M/Oberwart op
1996/EXP 53 (43)}) (13. Rd1 O-O 14. f5 Ne5 15. Qh4 Rae8 16. g4 Bc6 17. Nxc6
Qxc6 18. Bxc5 Qxc5 19. g5 Nfd7 20. f6 Ng6 21. Qg3 Qe5 {0-1 Breyther,R-Farago,I/
Hamburg GER 2001/(49)}) (13. f5 Ne5 14. Qh4 {Diese Spielweise ist effektiv,
wenn Schwarz 12...0-0 spielt, aber bei 12...Bd7 wäre das sinnlos.} Qb6 $17)
13... Qb6 {[%csl Rd4][%cal Rb6d4]} 14. e5 $2 {Weiß opfert einen Bauern und
öffnet die Stellung, aber er bekommt keine ausreichende Kompensation.} (14.
Nce2 Bc6 (14... e5 15. Nf5 Bxf5 16. Bxc5 dxc5 (16... Qxc5 17. exf5 Ne7 $11) 17.
exf5 e4 18. Bxe4 Nxe4 19. Ng3 $16) (14... O-O $11) 15. Nxc6 Bxe3 16. Na5 Bc5
17. Nc4 Qc7 $11) 14... dxe5 15. fxe5 Nxe5 $17 {Es ist wahr, dass der schwarze
König in der Mitte steht, aber er hat einen Bauern mehr und ausgezeichnetes
Figurenspiel.} 16. Rxf6 $5 {[%mdl 512] Ich bin gar nicht sicher, ob dieses
weitere Opfer wirklich korrekt ist, aber Weiß hat einige Angriffschancen.} Bxd4
(16... gxf6 17. Ne4 (17. Qh4 O-O-O $17) 17... Bxd4 (17... Nxd3 18. Nxf6+ Kd8
19. cxd3 Bxd4 20. Qh4 Bxe3 21. Nd5+ Kc8 22. Nxb6+ Bxb6 23. Rc1+ $13) 18. Nxf6+
Kd8 (18... Ke7 19. Qh4 Bxe3 20. Nd5+ Kd6 21. Nxb6 Bxb6 22. Rd1 $13) 19. Qh4 $40
{[%cal Rh4d8,Rh4d4]}) 17. Nd5 {[%cal Gf6b6] Dieser Zug ist schön, aber das ist
alles - Schwarz kann seine Stellung leicht verteidigen.} (17. Bxd4 Qxd4 $17)
17... Qc5 (17... Nxd3 18. cxd3 Qc5 19. Rf4 (19. Bxd4 Qxd5 $17) 19... Bxe3 $17)
18. Rf4 Bxe3 19. Nxe3 O-O {Schwarz hat einen Bauern mehr und gutes
Figurenspiel.} 20. Qg3 f5 {Mit dieser Fortsetzung beschränkt Schwarz die
Aktivität der weißen Leichtfiguren.} (20... Nxd3 21. cxd3 e5 $17) (20... Ng6
$17) 21. Re1 b5 $6 (21... Nxd3 22. cxd3 e5 23. Rc4 Qb5 $17) 22. b4 Qe7 23. Rd4
Nxd3 24. cxd3 Bc6 {[%csl Gc6][%cal Gc6h1]} 25. Qe5 {Weiss nutzt den Nachteil
des Zugs 20...f5 - das e5-Feld ist geschwächt.} (25. Qd6 Qf6 $17 (25... Qxd6 $6
26. Rxd6 $15)) 25... Qf6 26. Qxf6 Rxf6 {[%cal Ge6e5]} 27. Rd6 Rc8 28. Kg1 {
Weiß verbessert seine Königsstellung und jetzt droht schon 29.Rc1.} (28. Rc1 $4
Bxg2+ $19) 28... Bb7 29. Rd7 (29. d4 Rc7 $17) 29... Rf7 30. Rd6 (30. Rxf7 Kxf7
$17) 30... f4 $1 (30... e5 $17) 31. Ng4 Rc2 {[%csl Rg2][%cal Rc2g2]} 32. Nf2
Bd5 (32... f3 $17) 33. Rxa6 Rf6 {[%cal Rf6g6,Rg6g2] Die Stellung ist nur
materiell gleich - Schwarz hat starken Angriff gegen den g2-Punkt.} (33... Rxa2
$17) 34. Rb6 Rg6 35. Rb8+ (35. g4 fxg3 36. Ne4 $17) 35... Kf7 36. Ng4 {[%cal
Rg4e5,Re5f7,Re5g6] Droht 37.Ne5+.} Ke7 (36... Rg5 $17) 37. Rxb5 Kd6 {Mit
diesem Zug vermeidet Schwarz die Fesselung auf der e-Linie (die weiße Drohung
war 38.Rxd5) - jetzt droht 38...h5 mit Gewinn.} (37... Bxg2 $17) 38. Rxd5+ {
Weiss vernichtet den aktiven Läufer, aber das kostet Material.} exd5 {[%mdl
1024]} 39. a4 Re6 40. Rf1 (40. Rxe6+ Kxe6 $19) 40... Ree2 41. Rxf4 (41. Nf2 Ra2
42. a5 Kc6 $19) 41... Rxg2+ 42. Kf1 Rgd2 {Droht Matt auf der Grundlinie und es
hängt der d3-Bauer.} 43. Nf2 Ra2 44. a5 Rdb2 45. Kg2 g5 $19 {Der f4R kann
nicht weiter den f2-Springer und den b4-Bauern verteidigen.} (45... Ra4 46. Rf7
) 46. Rf6+ (46. Rf7 Ke6 $19) 46... Ke7 47. Rf3 Rxb4 48. Kg3 h5 49. h4 gxh4+ 0-1

[Event "EU-chT (Men) 11th"]
[Site "Pula"]
[Date "1997.05.??"]
[Round "1.1"]
[White "Kotronias, Vasilios"]
[Black "Cummings, David H"]
[Result "1-0"]
[WhiteElo "2590"]
[BlackElo "2375"]
[Annotator "Ribli,Z"]
[PlyCount "95"]
[EventDate "1997.05.05"]
[EventType "team-swiss"]
[EventRounds "9"]
[EventCountry "CRO"]
[SourceTitle "CBM 057 Extra"]
[Source "ChessBase"]
[SourceDate "1997.05.01"]
[SourceVersion "1"]
[SourceVersionDate "1997.05.01"]
[SourceQuality "1"]
[WhiteTeam "Greece"]
[BlackTeam "Wales"]
[WhiteTeamCountry "GRE"]
[BlackTeamCountry "WLS"]

1. e4 c5 2. Nf3 e6 3. d4 cxd4 4. Nxd4 Nc6 5. Nc3 Qc7 6. Be3 a6 7. Bd3 Nf6 8.
O-O Nxd4 {Das ist eine heutzutage relativ selten gespielte Fortsetzung. Ich
halte sie nicht für schlechter als die Alternativen 9...b5 oder 9...Ne5.Ribli.}
9. Bxd4 Bc5 10. Bxc5 (10. Bxf6 gxf6 11. Kh1 (11. Qg4 Kf8 $5 12. Kh1 h5 13. Qh3
(13. Qh4 Be7 14. f4 b5 15. Rae1 Bb7 16. f5 {[#]} Qe5 $1 17. a4 Bc6 $1 18. a5
Re8 19. Nd1 Bd8 {Tseitlin,M-Soffer,R/ISR-ch 1994/0-1 (57)}) 13... Qf4 14. Be2
b5 15. Rad1 Ke7 16. Rd5 Bb4 17. Rxh5 Rxh5 18. Qxh5 Bb7 19. Bd3 Rg8 20. Ne2 Qe5
{1-0 Balashov,Y-Tregubov,P/Katowice op 1992 (40)}) 11... h5 12. f4 b5 13. Ne2
Bb7 14. Ng1 Ke7 15. Qd2 h4 {0-1 Morozevich,A-Poluljahov,A/RUS-ch Orel 1992 (38)
}) (10. Be2 d6 11. Qd2 b5 12. Rad1 Bb7 $10 {Golubev,M-Tregubov,P/Alushta2/1994/
CBM41/}) 10... Qxc5 11. Kh1 (11. Qe2 d6 12. Kh1 {/\ f4, e5} O-O (12... b5 13.
f4 (13. a4 b4 14. Nb1 O-O 15. Nd2 a5 16. Nb3 Qb6 17. f3 Bd7 18. Rfd1 {1/2-1/2
Madl,I-Bojkovic,N/Erevan olw 1996}) 13... b4 14. Nb1 e5 (14... Bb7 $5) 15. a3
O-O 16. axb4 Qxb4 {Gufeld,E-Taimanov,M/URS-ch26 Tbilisi 1959/0-1 (69)}) 13. f4
e5 14. Bc4 Be6 15. Bb3 Rac8 16. Qd3 b5 17. Rad1 {1/2-1/2 Saltaev,M-Tregubov,P/
Volgograd 1994 (48)}) (11. Qf3 O-O 12. Qg3 d6 13. Kh1 e5 14. Qh4 Be6 15. Rae1
Rfe8 16. Re3 h6 17. g4 Nh7 18. Qg3 b5 19. h4 Nf8 20. Rg1 g5 21. hxg5 hxg5 22.
Qh2 Kg7 23. Qh5 Ng6 {0-1 Garcia,G-Zapata,A/Bogota Lat Cup Final 1991}) (11. Qd2
d6 12. Rad1 Bd7 13. Kh1 Bc6 14. a3 O-O 15. f4 Rfd8 16. Qe1 a5 {0-1 Pupo,
E-Andonovski,L/Capablanca mem-C 1995 (34)}) 11... b5 (11... d6) 12. a3 (12. f4
Bb7 13. a3 {Das führt zur Partiefortsetzung.Ribli.} (13. e5 $6 b4 14. Na4 Qc6 {
[%cal Rb7g2]} 15. Qf3 Nd5 16. b3 Ne3 $1)) (12. Qe1 Bb7 13. f3 d6 14. a4 b4 15.
Na2 a5 {1/2-1/2 Wohl,A-Zapata,A/II Open, Ubeda ESP 1997 (36)}) 12... Bb7 {
Schwarz ist nicht so gut entwickelt, aber sein Läufer steht ausgezeichnet auf
der großen Diagonalen.Ribli.} (12... d6 13. f4 e5 14. Qe1 exf4 15. Nd5 Ng4 16.
Qh4 Ra7 17. Rxf4 Ne5 $10 {Dely,P-Matulovic,M/YUG/1959/}) 13. f4 b4 $6 {Wenn
der Gegner Entwicklungsvorsprung hat, empehle ich immer, zuerst die
Entwicklung zu beenden. Langfristig gesehen ist die Idee nicht schlecht, am
Damenflügel zu spielen, aber jetzt ihre Ausführung kommt zu früh.Ribli.} (13...
d6 14. Qe2 e5 15. fxe5 dxe5 16. Rf5 (16. Rxf6 $6 {Früher oder später bietet
sich dieses Qualitätsopfer an. Ich glaube jedoch, daß die Kompensation nicht
ausreicht.Ribli.}) 16... O-O 17. a4 b4 18. Nd5 Nxd5 19. exd5 Qxd5 20. Rxe5 Qd4
$15 {[%csl Gb7,Gd4] Und die schwarze Dame und der Läufer stehen ausgezeichnet.
Ribli. Kindermann,S.-Horvath,Jo./Oesterrechische Mannschaftmeisterschaftl995/
96.}) 14. axb4 (14. Na4 Qc6 15. axb4 Nxe4 {[%csl Ge4][%cal Yb7g2]}) 14... Qxb4
15. Qe1 $14 {Das ist ein Schlüsselzug. Die Dame steht sehr gut auf e1. Nach
dem eventuellen 15...Qxb2 verteidigt sie den Springer, zudem gibt es später
einige Motiven auf der Diagonale e1-a5. Auch der Pe4 wird durch die Qe1
unterstützt.Ribli.} O-O (15... d6 16. e5 dxe5 17. fxe5 Nd5 18. Nxd5 (18. Ne4 {
[%cal Re4d6]}) 18... Qxe1 19. Rfxe1 exd5 20. Ra5 {[%csl Ra6]} O-O 21. Rea1 $36
{[%csl Ra6]}) (15... Qxb2 $4 16. Rb1 $18) 16. e5 Ne8 (16... Nd5 $4 17. Nxd5
Qxe1 18. Ne7+ $18) 17. f5 $36 {[%csl Re8] Weiß hat eine gute Angriffsstellung
erreicht. Schwarz hat ernsthafte Probleme bei der Koordination seiner Figuren.
Ribli.} f6 $8 18. Ra4 {[%cal Ya4h4]} Qxb2 19. fxe6 dxe6 20. Qe3 $1 $16 {
[%csl Ge3][%cal Ge3b6] Die Dame erfüllt viele Funktionen auf e3. Sie nimmt
ihrem schwarzen Ebenbild das Feld b6, verteidigt mittelbar den Nc3 und
bereitet das gefährliche Rb1 vor.Ribli.} f5 {Schwarz droht 21...Qxc3, da die
Diagonale für den Einschlag des Bd3 auf h7 versperrt ist.Ribli.} (20... Qxc3 $2
21. Bxh7+ $18) 21. Bc4 Bc6 $8 22. Bxe6+ Kh8 23. Rc4 $1 (23. Rb1 Qxb1+ 24. Nxb1
Bxa4 {Das bietet Schwarz noch einige Verteidigungschancen. Die
Partiefortsetzung ist viel stärker für Weiß.Ribli.}) 23... Qb7 24. Rxc6 {
Mit diesem vorübergehenden Qualitätsopfer eliminiert Weiß die einzige
gutpostierte schwarze Figur.Ribli.} Qxc6 25. Bd5 Qc8 26. Bxa8 Qxa8 27. Qc5 {
[%csl Gc5] Auf forciertem Wege erlangt Weiß großen Vorteil. Ich möchte
anmerken, daß der Ne8 hoffnungslos deplatziert ist.Ribli.} Rg8 (27... Kg8 28.
Nd5 $40) 28. Nd5 (28. Rxf5 $16 {Dieser Zug -mit Bauerngewinn- wäre auch gut,
aber die Partiefortsetzung ist noch stärker.Ribli.}) 28... g6 {Macht Platz für
den Turm, andererseits schwächt er jedoch die Diagonale a1-h8.Ribli.} 29. e6 (
29. Ne7 Rg7 (29... Rf8 $2 30. Nxg6+ $18)) 29... Qb7 30. Re1 {[%csl Ge1,Ge6]
Weiß besitzt ausgezeichnete Aktivität, sein Freibauer ist stark.Ribli.} Qg7 31.
e7 {[%csl Ge7]} h6 32. Qb6 {[%csl Ra6]} Qf7 33. c4 {[%csl Re8] Weiß
mobilisiert alle Reserve. Schwarz bleibt zu seinem Unglück nur abzuwarten.
Ribli.} Kh7 34. Qxa6 f4 35. Qe6 $1 {Am einfachsten! Nach dem erzwungenen
Damentausch ist das Endspiel sehr vorteilhaft für Weiß.Ribli.} Qxe6 36. Rxe6
Kg7 (36... g5 37. c5 Kg7 38. c6 Kf7 39. c7 Nxc7 40. Nxc7 $18) 37. Nxf4 Kf7 38.
Re1 g5 39. Nd5 {[%csl Gd5,Ge7] Weiß hat jetzt zwei Bauern mehr, der
gefährliche Pe7 muß zusammen mit seinem Kollegen Pc4 den Ausschlag geben.Ribli.
} Rg6 40. Rf1+ Ke6 41. g4 Kd6 42. Rf8 Kd7 43. Kg2 $18 {Das Eingreifen des
Königs entscheidet die Partie. Schwarz ist machtlos.Ribli.} Rc6 44. Rh8 Re6 (
44... Rxc4 45. Nb6+ $18) 45. Rxe8 Kxe8 46. Nc7+ Kxe7 47. Nxe6 {[%csl Gc4]} Kxe6
48. Kf3 {Und Schwarz muß dieses elementar verlorene Bauernendspiel aufgeben.
Ribli.} 1-0

[Event "Bundesliga 0405"]
[Site "Germany"]
[Date "2005.02.12"]
[Round "10.1"]
[White "Volokitin, Andrei"]
[Black "Haba, Petr"]
[Result "1-0"]
[WhiteElo "2652"]
[BlackElo "2520"]
[Annotator "Ribli,Z"]
[PlyCount "151"]
[EventDate "2004.11.12"]
[EventType "team-tourn"]
[EventRounds "15"]
[EventCountry "GER"]
[SourceTitle "CBM 106"]
[Source "ChessBase"]
[SourceDate "2005.06.06"]
[SourceVersion "1"]
[SourceVersionDate "2005.06.06"]
[SourceQuality "1"]
[WhiteTeam "Katernberg"]
[BlackTeam "Erfurt"]
[WhiteTeamCountry "GER"]
[BlackTeamCountry "GER"]

1. e4 c5 2. Nf3 e6 3. d4 cxd4 4. Nxd4 Nc6 5. Nc3 Qc7 6. Be3 a6 7. Qd2 Nf6 8.
O-O-O {Diese Variante ist besonders in der letzten Zeit populär geworden.} Bb4
9. f3 Na5 {Das ist die sogenannte Anand-Variante; die Alternativen sind 9...
Ne7, oder die Hauptfortsetzung ist 9...Ne5 (fünf Tage vor dieser Partie hatte
Volokitin gegen Macieja mit dieser Variante gewonnen).} 10. Kb1 {Das ist die
traditionelle Fortsetzung, jedoch kommt auch 10.Bf2!? in Betracht.} (10. Bf2 $5
$146 {[%cal Gf2e1,Gf2g3]} Bxc3 11. Qxc3 Qxc3 12. bxc3 {[%csl Yb6,Yd6,Gf2]} d5
13. exd5 Nxd5 14. c4 $1 $14 Ne7 (14... Nc3 15. Re1 Nxa2+ 16. Kb2 Nb4 17. Nf5
$44) 15. Nb3 Nxb3+ $2 (15... Nac6 16. Bc5 e5 17. Bd3 $14) 16. cxb3 {[%csl Ga2,
Gb3,Gc4,Gf1,Gf2] 1-0 Motylev,A-Xu Jun/Moscow 2004/CBM 103/[Ribli Zoltan] (36)})
10... Bxc3 11. bxc3 d5 (11... b5 12. Bf4 e5 (12... Qb6 13. Nb3 $14 {[%csl Yd6]
[%cal Gf4d6]} (13. Be5 $5 $14) 13... Nc4 14. Qd4 {[%csl Gd4]} d5 (14... Qxd4
15. cxd4 d5 16. Nc5 $14) 15. Bxc4 $1 Qxd4 16. cxd4 {1-0 Leko,P-Anand,V/Moscow
2004/CBM 102/[Ribli] (68)}) 13. Bg3 d6 14. Nf5 Bxf5 15. exf5 O-O-O 16. Bf2 Kb8
17. g4 h6 18. Qe3 Nd7 {1/2-1/2 Zawadzka,J-Berczes,C/Aghia Pelagia 2004/ (36)})
12. Nb3 (12. Bg5 dxe4 13. Bxf6 gxf6 14. fxe4 Bd7 15. Nb3 O-O-O 16. Bd3 Bc6 17.
Qf2 Nxb3 18. axb3 Qe5 19. Kb2 Rhg8 20. Rhf1 Rg6 21. g3 $14 {1-0 Ni Hua-Ye
Jiangchuan/Tripoli LBA 2004/(45)}) 12... Nc4 {Man kann sicher sein, dass der
junge ukrainische Großmeister etwas gegen die Alternative 12...h6 vorbereitet
hat.} (12... h6 13. Bf4 e5 14. Bxe5 Qxe5 15. Nxa5 {1/2-1/2 Leko,P-Anand,V/Wijk
aan Zee 2004/23)}) 13. Bxc4 dxc4 (13... Qxc4 14. Bd4 $36) 14. Nc5 (14. Bf4 Qb6
15. Qd4 Qxd4 16. Nxd4 Bd7 $11) 14... Bd7 (14... b6 15. Bf4 Qe7 (15... e5 $2 16.
Bxe5 $18) 16. Bd6 Qd8 17. Na4 $14 {[%csl Gd6]}) (14... O-O $5) 15. Qd6 {
[%csl Gc5,Gd6,Ge3][%mdl 2048] Weiß hat ausgezeichnetes Figurenspiel und
positionellen Druck auf den schwarzen Feldern.} O-O-O (15... Qxd6 16. Rxd6
O-O-O 17. Rd4 $14) 16. Qxc7+ Kxc7 17. Rd4 Bb5 (17... Bc6 18. Rxc4 $14 {Weiß
hat einen Mehrbauern, aber die technische Verwertung des Vorteils wäre schwer
zu realisieren, da er am Königsflügel eine schlechte Bauernstruktur besitzt})
18. a4 Rxd4 19. cxd4 $14 {[%csl Gd4,Ge4] Weiß besitzt ein starkes
Bauernzentrum und Schwarz hat einige Probleme mit der Verteidigung seines
c4-Bauern. Andererseits ist die schwarze Stellung gefestigt.} Bc6 20. a5 {
[%csl Ga5] Der Pa5 sichert dauerhaften Raumvorteil für Weiß am Damenflügel.} (
20. Kb2 Nd7) 20... Nd7 21. Bf4+ Kc8 (21... e5 $2 22. Nxd7 exf4 23. Ne5 $16) 22.
Bd6 Nxc5 23. Bxc5 {[%csl Gc5]} h5 {[%cal Gh8h6,Gh6g6][%mdl 4096] Schwarz
möchte seinen Turm auf der sechsten Reihe ins Spiel bringen.} (23... f5 24. Re1
$14) 24. Kb2 Rh6 25. Rd1 {[%cal Gd1d2,Gd2g2] Weiß verbessert seine
Turmstellung; er möchte seinen Bauern auf g2 mit Td2 decken.} (25. Kc3 Rg6 26.
Rg1 f5 27. d5 exd5 28. exf5 Rg5 29. g4 d4+ $132) 25... Rg6 26. Rd2 Bb5 27. Kc3
Kd7 28. d5 e5 (28... exd5 $6 29. exd5 $16 {[%cal Gd2e2,Ge2e7]}) 29. h4 $1 {
Mit diesem Zug reduziert Weiß die schwarzen Angriffschancen am Königsflügel.}
f6 30. Kb4 Rg3 (30... c3 31. Kxc3 (31. Rf2 $16) 31... Bf1 32. Rd1 Bb5 (32...
Bxg2 33. Rg1 $18 {[%csl Rg2,Rg6]}) 33. Rg1 $16) 31. Bg1 (31. c3 g5 $132) 31...
Kd6 (31... c3 32. Kxc3 (32. Rf2 g5 33. hxg5 (33. Bh2 gxh4 34. Kxc3 (34. Bxg3 $4
hxg3 $19 {[%csl Rf2]}) 34... Rg8 $132) 33... Rxg5 34. Kxc3 $16) 32... Bf1) 32.
Bf2 Rg6 {Natürlich nicht 32...Rxg2+?? wegen 33.Bc5+.} 33. c3 Kd7 34. Be3 Rg3 (
34... Kd6 $2 35. g4 $18 {[%csl Rg6]}) 35. Kc5 Kc7 36. Bg1 Rg6 37. Be3 Rg3 {
Schwarz muss so spielen, da sonst 38.g4 folgt.} 38. Rb2 {Es droht nichts, aber
Schwarz befindet sich in Zugzwang.} Kd7 39. Kb6 Kc8 40. Bg1 Ba4 (40... Kb8 41.
Kc5 Kc7 42. Bh2 Rg6 43. f4 exf4 44. Bxf4+ Kd7 45. g3 Rg4 46. Re2 g5 47. hxg5
fxg5 48. Bd6 $18) (40... Rg6 $5) 41. d6 Bc6 (41... Bb5 $2 42. Rxb5 axb5 43. a6
bxa6 44. Kc6 $18) 42. Kc5 Kd7 43. Rd2 Bb5 44. Be3 Kc8 (44... Bc6 45. Kxc4 Bb5+
46. Kd5 Bf1 47. Rb2 Bb5 $16) {[#]} 45. d7+ $1 {Mit diesem starken Bauernopfer
öffnet Weiß die d-Linie für seinen Turm.} Bxd7 46. Kd6 {[%csl Rc8,Gd6,Ge3]
[%cal Gd2d8]} Kd8 47. Rb2 Rg6 $6 (47... Bc6 $142 48. Ke6 (48. Rd2 Bd7) 48...
Ke8 49. Rd2 Rg6) 48. Rxb7 $16 {[%csl Gb7,Gd6,Rd7,Rd8,Ge3,Rg6] Die Stellung ist
materiell ausgeglichen, aber Weiß hat das aktivere Figurenspiel.} f5+ 49. Kxe5
fxe4 50. fxe4 Re6+ 51. Kd5 (51. Kf4 $2 Rxe4+ 52. Kxe4 Bc6+ $11) 51... Bc6+ 52.
Kxe6 Bxb7 53. e5 Bxg2 54. Kd6 Be4 55. e6 Bc2 56. Bg5+ Ke8 (56... Kc8 57. Ke7
$18) 57. Kc5 {[%csl Ge6,Gg5] Der Bg5 verteidigt indirekt den e6-Bauern. Es
existieren zwei Schwächen in der schwarze Stellung: die Bauern auf a6 und c4.}
Ba4 (57... Bf5 58. Kb6 Bxe6 59. Kxa6 Kd7 60. Kb7 Bd5+ 61. Kb8 Ke6 62. a6 Ke5
63. a7 Ke4 64. Bd8 Kd3 65. Ba5 $18) 58. Kxc4 Bd1 59. Kc5 Bg4 60. Kd5 (60. Kd6
Be2 61. Be3) 60... Bf3+ 61. Kd6 Be2 62. Be3 $1 {[%csl Rg7] Jetzt ist der
Zielpunkt des weißen Spiels der Pg7.} Bc4 63. Bd4 g6 64. Ke5 Ke7 65. Bc5+ Ke8
66. Kf6 Bd3 67. Bb4 $22 $18 {Wieder befindet sich Schwarz in Zugzwang. Er muss
entweder c3-c4 zulassen oder er verliert den g6-Bauern.} Bf5 68. c4 Be4 69. Bd2
Bd3 70. c5 Be4 71. Bg5 Bd3 72. Ke5 Be2 73. Kd6 Bg4 74. c6 Bf3 75. e7 Be4 76.
Kc7 1-0